Logo BPK

Biblioteka

Politechniki Koszalińskiej

II Ogólnopolska Konferencja Naukowa na temat Kompleksowe i szczegółowe problemy inżynierii środowiska : (Rekord nr 23420)

Szczegóły MARC
000 -ETYKIETA REKORDU
podpole kontrolne o stałej długości 01355nam a2200265 i 4500
001 - NUMER KONTROLNY REKORDU
pole kontrolne bg
003 - IDENTYFIKATOR NUMERU KONTROLNEGO REKORDU
podpole kontrolne BPK
005 - DATA OSTATNIEJ MODYFIKACJI REKORDU
podpole kontrolne 20200513112528.0
008 - POLE O STAŁEJ DŁUGOŚCI - DANE KONTROLNE
podpole kontrolne o stałej długości s1987 pl f |100 0 pol
040 ## - ŹRÓDŁO KATALOGOWANIA
Instytucja, która utworzyła rekord BPK
041 ## - KOD JĘZYKA
Kod języka tekstu pol
080 ## - UNIWERSALNA KLASYFIKACJA DZIESIĘTNA - UKD
UKD 628.1/.8
080 ## - UNIWERSALNA KLASYFIKACJA DZIESIĘTNA - UKD
UKD (06)
245 00 - TYTUŁ/ODPOWIEDZIALNOŚĆ
Tytuł II Ogólnopolska Konferencja Naukowa na temat Kompleksowe i szczegółowe problemy inżynierii środowiska :
Ciąg dalszy tytułu zbiór referatów.
Oznaczenie części/sekcji dzieła Z.5-monotematyczny,
Tytuł części/sekcji dzieła Badania i opracowanie technologii odzysku węglika krzemu ze ścieków poprodukcyjnych Fabryki Materiałów i Wyrobów Ściernych KORUND w Kole oraz Huty Szkła w Zawierciu /
Pozostałe elementy strefy tytułu i oznaczenia odpowiedzialności aut. Tadeusz Piecuch, Wojciech Radzkowski, Adam Świech ; [red. nauk. Tadeusz Piecuch].
246 30 - WARIANT TYTUŁU
Tytuł Kompleksowe i szczegółowe problemy inżynierii środowiska
246 30 - WARIANT TYTUŁU
Tytuł Badania i opracowanie technologii odzysku węglika krzemu ze ścieków poprodukcyjnych Fabryki Materiałów i Wyrobów Ściernych KORUND w Kole oraz Huty Szkła w Zawierciu
260 ## - STREFA ADRESU WYDAWNICZEGO
Miejsce wydania Częstochowa,
Data publikacji, dystrybucji/powstania dokumentu 1987.
650 #4 - HASŁO PRZEDMIOTOWE W FORMIE NAZWY OGÓLNEJ LUB JEDNOSTKOWEJ
Nazwa ogólna lub geograficzna Inżynieria środowiska
655 #4 - TERMIN INDEKSOWY - OKREŚLENIE RODZAJU/FORMY DOKUMENTU
Określenie rodzaju/formy dokumentu Materiały konferencyjne
700 1# - HASŁO DODATKOWE - NAZWA OSOBOWA
Nazwa osobowa Radzkowski, Wojciech.
700 1# - HASŁO DODATKOWE - NAZWA OSOBOWA
Nazwa osobowa Świech, Adam.
700 1# - HASŁO DODATKOWE - NAZWA OSOBOWA
Nazwa osobowa Piecuch, Tadeusz
Daty związane z nazwą (1946-2018)
Określenie związku między hasłem a opisywanym materiałem Autor
856 ## - LOKALIZACJA I DOSTĘP DO ELEKTRONICZNYCH DOKUMENTÓW ZDALNYCH
Link (URL) http://koha.tu.koszalin.pl/cgi-bin/koha/opac-detail.pl?biblionumber=23420
Tekst linku Katalog online BPK
942 ## - DODATKOWE ELEMENTY (KOHA)
Typ dokumentu Książka
Schemat klasyfikacji Uniwersalna Klasyfikacja Dziesiętna
Egzemplarze
Wycofany Status egzemplarza Uszkodzony Dostępność Lokalizacja stała Lokalizacja bieżąca Miejsce przechowywania Sygnatura Kod kreskowy Dział Typ dokumentu
      Tylko na miejscu Biblioteka Politechniki Koszalińskiej Biblioteka Politechniki Koszalińskiej Czytelnia BG 33517 01472431 628.1/.8 Inżynieria sanitarna Książka
© 2023 Biblioteka Politechniki Koszalińskiej :: KOHA